| 000 | 00474nam a2200169Ia 4500 | ||
|---|---|---|---|
| 999 |
_c11880 _d11880 |
||
| 003 | OSt | ||
| 005 | 20201016123007.0 | ||
| 008 | 190216s9999||||xx |||||||||||||| ||und|| | ||
| 040 | _coclc | ||
| 082 |
_a364.954 _bAIY/I |
||
| 100 |
_aAiyar, R P _95800 |
||
| 245 | 0 |
_aIn The Crimelight / _cR P Aiyar |
|
| 260 |
_bIndia Book House Pvt Ltd, _c1967. _aKolkatta: |
||
| 300 | _a173p | ||
| 650 | _aSpeeches | ||
| 942 |
_cBK _2ddc _h364.954 _iAIY/I _k364.954 _mAIY/I |
||